Saberes locales y territorios de vida: (Registro nro. 17452)

Detalles MARC
000 -CABECERA
Campo de control 01512nam a22003257a 4500
005 - FECHA Y HORA DE LA ULTIMA TRANSACCION
Campo de control 20160411171441.0
008 - ELEMENTOS DE LONGITUD FIJA—INFORMACION GENERAL
Campo de control 150605b2013 ck ||||| |||| 10| 0 spa d
020 ## - ISBN
ISBN 9789588343921
040 ## - FUENTE DE CATALOGACIÓN
Agencia catalogadora original Co-BoIAVH
Agencia transcriptora Co-BoIAVH
041 0# - IDIOMA
Código de idioma para texto/pista de sonido o título separado Español
044 ## - PAÍS DE PUBLICACIÓN
País de publicación Colombia
082 #4 - NUMERO DE CLASIFICACION DECIMAL DEWEY
Número de clasificación 392.07
Número del ítem S487s
100 1# - ASIENTO PRINCIPAL--NOMBRE PERSONAL
Nombre personal Serna, Sonia
9 (RLIN) 33939
245 1# - MENCION DE TITULO
Título Saberes locales y territorios de vida:
Parte restante del título Memorias del III Encuentro Comunitario para la Biodiversidad/
Mención de responsabilidad Serna, Sonia
250 ## - MENCION DE EDICION
Mención de edición 1ª ed.
260 3# - PUBLICACION, DISTRIBUCION, ETC. (PIE DE IMPRENTA)
Lugar de publicación, distribución, etc. Colombia:
Nombre del editor, distribuidor, etc. Instituto de Investigación de Recursos Biológicos Alexander Von Humbolt,
Fecha de publicación, distribución, etc. 2013.
300 ## - DESCRIPCION FISICA
Extensión 147 p.
Otros detalles físicos il., fot. col.
Dimensiones 22 cm.
504 ## - NOTA DE BIBLIOGRAFIA, ETC.
Nota de bibliografía Bibliografía:p. 147
520 ## - NOTA DE RESUMEN, ETC.
Nota de resumen Se entablan conversaciones entre representantes y delegados de comunidades indígenas, afrodescendientes y campesinas. Durante dos días se hizo un intercambio de experiencias entorno a las formas de vida, al uso y manejo de los ecosistemas y a las acciones con las que se están protegiendo sus territorios bajo una mirada de autonomía y corresponsabilidad.
650 ## - ASIENTO SECUNDARIO DE MATERIA - TERMINO TEMATICO
Término temático o nombre geográfico como elemento de entrada Diversidad Biológica
Subdivisión geográfica Colombia
9 (RLIN) 34568
650 ## - ASIENTO SECUNDARIO DE MATERIA - TERMINO TEMATICO
Término temático o nombre geográfico como elemento de entrada Biodiversidad
Subdivisión geográfica Colombia
9 (RLIN) 34569
650 ## - ASIENTO SECUNDARIO DE MATERIA - TERMINO TEMATICO
Término temático o nombre geográfico como elemento de entrada Costumbres y tradiciones
Subdivisión geográfica Colombia
9 (RLIN) 34570
650 ## - ASIENTO SECUNDARIO DE MATERIA - TERMINO TEMATICO
Término temático o nombre geográfico como elemento de entrada Identidad cultural
Subdivisión geográfica Colombia
9 (RLIN) 34571
650 ## - ASIENTO SECUNDARIO DE MATERIA - TERMINO TEMATICO
Término temático o nombre geográfico como elemento de entrada Comunidad rural
Subdivisión geográfica Colombia
9 (RLIN) 34572
651 ## - ASIENTO SECUNDARIO DE MATERIA - NOMBRE GEOGRAFICO
Nombre geográfico
9 (RLIN) 34573
700 1# - ASIENTO SECUNDARIO - NOMBRE PERSONAL
Nombre personal Restrepo Calle, Sebastián
Término de relación Revisión
9 (RLIN) 6050
700 1# - ASIENTO SECUNDARIO - NOMBRE PERSONAL
Nombre personal Villa, Claudia María
Término de relación Revisión
9 (RLIN) 28853
700 1# - ASIENTO SECUNDARIO - NOMBRE PERSONAL
9 (RLIN) 33945
Nombre personal Mosquera, Sandra Liliana
942 ## - ELEMENTOS ADICIONALES (KOHA)
Sistema de clasificación Dewey Decimal Classification
Tipo de ítem Libro
Existencias
Withdrawn status Lost status Sistema de Clasificación Damaged status No para préstamo Colección Inventariado Ubicación Permanente Ubicación actual Fecha de adquisición Fuente de Valor Valor Total Checkouts Número topográfico Inventario / Código de Barras Date last seen Ejemplar Price effective from Forma de adquisición Tipo de material
    Dewey Decimal Classification     Humboldt Inventariado 2017 Bogotá Bogotá 05/06/2015 Instituto 39000.00   IAVH-392.07 S487s 039038 05/06/2015 Ej. 1 05/06/2015 Institucional Libro
    Dewey Decimal Classification     Humboldt Inventariado 2017 Sala Fabio Quevedo Sala Fabio Quevedo 05/06/2015 Instituto 39000.00   IAVH-392.07 S487s 039037 05/06/2015 Ej. 2 05/06/2015 Institucional Libro